L'évolution de la vie / (Record no. 178943)

MARC details
000 -LEADER
campo de control de longitud fija 00923namaa2200241 i 4500
001 - NÚMERO DE CONTROL
campo de control 178943
003 - IDENTIFICADOR DE NÚMERO DE CONTROL
campo de control ES-MaACL
005 - FECHA Y HORA DE LA ÚLTIMA TRANSACCIÓN
campo de control 20250717050005.0
008 - DATOS DE LONGITUD FIJA--INFORMACIÓN GENERAL
campo de control de longitud fija 110810s1908 fr | |||| ||fre d
080 ## - NÚMERO DE LA CLASIFICACIÓN DECIMAL UNIVERSAL
Número de la Clasificación Decimal Universal 573.5
100 1# - ENTRADA PRINCIPAL--NOMBRE DE PERSONA
Nombre de persona Bastian, H. Charlton.
9 (RLIN) 26361
245 12 - MENCIÓN DEL TÍTULO
Título L'évolution de la vie /
Mención de responsabilidad, etc. par H. Charlton Bastian ; traduction française avec avant-propos par Henry de Varigny, avec la collab. de Mlle G. de Varigny.
260 ## - PUBLICACIÓN, DISTRIBUCIÓN, ETC.
Lugar de publicación, distribución, etc. Paris :
Nombre del editor, distribuidor, etc. Félix Alcan,
Fecha de publicación, distribución, etc. 1908.
300 ## - DESCRIPCIÓN FÍSICA
Extensión VII, 272 p. :
Otras características físicas il. ;
Dimensiones 22 cm.
490 1# - MENCIÓN DE SERIE
Mención de serie Bibliothèque scientifique internationale ;
Designación de volumen o secuencia 110
500 ## - NOTA GENERAL
Nota general Avec 12 figures dans le texte et 12 planches hors texte.
650 07 - PUNTO DE ACCESO ADICIONAL DE MATERIA--TÉRMINO DE MATERIA
Término de materia o nombre geográfico como elemento de entrada Biogénesis
Fuente del encabezamiento o término embne
9 (RLIN) 10571
700 1# - ENTRADA AGREGADA--NOMBRE PERSONAL
Nombre de persona Varigny, Henry Crosnier de (
Fechas asociadas al nombre 1855-1934?)
9 (RLIN) 157468
830 0# - PUNTO DE ACCESO ADICIONAL DE SERIE-TÍTULO UNIFORME
Título uniforme Bibliothèque scientifique internationale ;
Designación de volumen o secuencia 110
9 (RLIN) 186949
852 ## - LOCALIZACIÓN
Ubicación ES-MaACL
Número de control de estantería F-14438
Holdings
Estatus retirado Estado de pérdida Estado de daño No para préstamo Biblioteca de origen Biblioteca actual Ubicación en estantería Fecha de adquisición Fuente de adquisición Total de préstamos Signatura topográfica completa Código de barras Visto por última vez Precio de reemplazo Tipo de ítem Koha
        Biblioteca del Ateneo de Madrid Biblioteca del Ateneo de Madrid Sala Pecera Planta 2 10/08/2011     F-14438 1187968 23/02/2023 23/02/2023 Libro impreso